00506nam a22001697a 450000500170000001000150001702000260003203500140005803700130007208200080008510000180009324500490011126000360016027000520019630000270024850000610027520170112123452.0 aENG-117042 a9789386050281c399.00 aEN-100574 bDBAD/PUB a909 aCurnow,Trevor aWisdom :ba world history /cby Trevor cunow aNew DelhibSpeaking Tigerc2016 a4381/4 Ansari Road,DaryaganjbNew Delhie110002 a239p.:billc22cm(pbk) aIncludes references,bibliographical references and index